Stalin - náš učiteľ sborník statí Pravdy

Bibliographic Details
Format: Book
Language:Slovak
PhysicalDescription:263, [6] s. 20 cm
Published: Bratislava Pravda 1949
Subjects:

MARC

LEADER 00000cam a2200000 a 4500
001 vtls008398364
003 SK-MaSNL
005 20260301223042.0
008 230403s1949 xo 000 0dslo
015 |a SNBA19451955-011430 
035 |a SK01SNKBKSFS20010090581 
035 |a urn:nbn:sk:snk-am3iga1 
035 |a A9EA1CD2-077A-49A4-B7F8-78C93FC9CB95 
035 |a urn:nbn:sk:snk-am00e95s 
035 |a SKM000093044 
040 |a SNK  |b slo  |c SNK  |e AACR2 
041 0 |a slo 
044 |a xo  |c SK 
080 |a 32-051  |2 1981 
080 |a 929 Stalin, Iosif Vissarionovič  |2 1981 
245 0 0 |a Stalin - náš učiteľ  |b sborník statí Pravdy 
260 |a Bratislava  |b Pravda  |c 1949  |e Bratislava  |f Pravda 
300 |a 263, [6] s.  |c 20 cm 
366 |e 25000 výtl. 
500 |a Obsahuje 18 príspevkov 
600 1 7 |a Stalin, Josif Vissarionovič,  |d 1879-1953  |2 SNKMA  |9 9996 
650 0 7 |a politici  |2 SNKPH  |9 2679 
650 0 7 |a stalinizmus  |2 SNKPH  |9 67426 
651 7 |a Sovietsky zväz  |2 SNKPHgeo  |9 22126 
655 7 |a zborníky  |2 SNKPH  |9 70165 
852 |a Slovenská národná knižnica 
954 |a odborná, vedecká literatúra pôvodná (slovenská)  |2 lita 
958 |a RK 
958 |a TL 
958 |a OND 
958 |a EUIPO 
999 |c 941981  |d 943911 
952 |a SNK  |b SNK  |y VYP  |7 0  |p 17A0671029  |o snkSD 6976 D2  |i snkVI. 545/55  |8 1  |0 0  |1 0  |4 0  |d 2010-09-16  |l 0  |r 2026-02-24 09:22:22  |w 2026-02-24 
952 |a SNK  |b SNK  |y VYP  |7 0  |p 17A0671036  |o snkSD 6976 D3  |i snkVI. 1732/55  |8 1  |0 0  |1 0  |4 0  |d 2010-09-16  |l 0  |r 2026-02-24 09:22:22  |w 2026-02-24 
952 |a SNK  |b SNK  |y VYP  |7 0  |p 17A0671035  |o snkSD 6976 D1  |i snkVI. 446/55  |8 1  |0 0  |1 0  |4 0  |d 2010-09-16  |l 0  |r 2026-02-24 09:22:22  |w 2026-02-24 
952 |a SNK  |b SNK  |y PREZ  |7 0  |p 17A0912107  |o snkSD 6976  |i snk5291/50  |0 0  |1 0  |4 0  |d 2019-09-16  |f 1  |l 0  |r 2025-11-17 00:00:00  |w 2026-02-24